Sneaky Parenting : (Record no. 604311)

MARC details
000 -LEADER
fixed length control field 00389nam a2200169 a 4500
001 - CONTROL NUMBER
control field 1766486164571
003 - CONTROL NUMBER IDENTIFIER
control field ACL
005 - DATE AND TIME OF LATEST TRANSACTION
control field 20251223164051.0
008 - FIXED-LENGTH DATA ELEMENTS--GENERAL INFORMATION
fixed length control field 251223s2010##################000#0#eng##
020 ## - INTERNATIONAL STANDARD BOOK NUMBER
International Standard Book Number 9788130914831
082 04 - DEWEY DECIMAL CLASSIFICATION NUMBER
Classification number 649.1
Item number WIL
040 ## - CATALOGING SOURCE
Original cataloging agency ACL
Language of cataloging eng
Transcribing agency ACL
100 1# - MAIN ENTRY--PERSONAL NAME
Personal name Wiltshire, Jo,
Relator term author.
245 10 - TITLE STATEMENT
Title Sneaky Parenting :
260 ## - PUBLICATION, DISTRIBUTION, ETC.
Date of publication, distribution, etc. 2010.
942 ## - ADDED ENTRY ELEMENTS (KOHA)
Koha item type English Books
Holdings
Withdrawn status Lost status Damaged status Not for loan Home library Current library Shelving location Date acquired Total Checkouts Full call number Barcode Date last seen Price effective from Koha item type
        Anna Centenary Library Anna Centenary Library 6TH FLOOR, A WING 23.12.2025   649.1 WIL 311925 23.12.2025 23.12.2025 English Books

Find us on the map